<?xml version="1.0" encoding="UTF-8"?>
<record
    xmlns:xsi="http://www.w3.org/2001/XMLSchema-instance"
    xsi:schemaLocation="http://www.loc.gov/MARC21/slim http://www.loc.gov/standards/marcxml/schema/MARC21slim.xsd"
    xmlns="http://www.loc.gov/MARC21/slim">

  <leader>01468nam a22002897a 4500</leader>
  <datafield tag="999" ind1=" " ind2=" ">
    <subfield code="c">22214</subfield>
    <subfield code="d">22214</subfield>
  </datafield>
  <controlfield tag="003">AR-CdUCM</controlfield>
  <controlfield tag="008">190425b           ||||| |||| 00| 0 spa d</controlfield>
  <datafield tag="040" ind1=" " ind2=" ">
    <subfield code="a">MUNICIPALIDAD PROVINCIAL DEL CUSCO</subfield>
    <subfield code="c">BIBLIOTECA MUNICIPAL DEL CUSCO</subfield>
  </datafield>
  <datafield tag="082" ind1=" " ind2=" ">
    <subfield code="a">Qollana/N&#xB0;4/1996</subfield>
  </datafield>
  <datafield tag="245" ind1=" " ind2=" ">
    <subfield code="a">Qollana :</subfield>
    <subfield code="b">revista de Antropolog&#xED;a /</subfield>
    <subfield code="c">Julio Edmundo Olivera L, Director</subfield>
  </datafield>
  <datafield tag="260" ind1=" " ind2=" ">
    <subfield code="a">Cusco.</subfield>
    <subfield code="b">Qollana,</subfield>
    <subfield code="c">1996.</subfield>
  </datafield>
  <datafield tag="300" ind1=" " ind2=" ">
    <subfield code="a">56 p&#xE1;ginas. :</subfield>
    <subfield code="b">ilustraciones ;</subfield>
    <subfield code="c">30 cm.</subfield>
  </datafield>
  <datafield tag="440" ind1=" " ind2=" ">
    <subfield code="a">Qollana.</subfield>
    <subfield code="n">A&#xF1;o4,N&#xB0;4, enero 1996.</subfield>
    <subfield code="9">47660</subfield>
  </datafield>
  <datafield tag="505" ind1=" " ind2=" ">
    <subfield code="a">Contenido: Testimonio de homenaje al Dr. Demetrio Roca Huallparimachi. -- Proceso hist&#xF3;rico de la catedra del Folklore en la UNSAAC. -- La Ciencia del Folklore en la UNSAAC. -- Folklore o Etnolog&#xED;a. -- Perspectiva cr&#xED;tica del folklore cusque&#xF1;o. -- Santuario del Se&#xF1;or de Qoylloriti. -- La conciencia m&#xED;tico religiosa. -- Hechos folkl&#xF3;ricos en los fen&#xF3;menos naturales. -- El juego ceremonial del Ch&#xB4;iuca en Checacupe. -- A los 26 a&#xF1;os de la muerte de Jos&#xE9; Mar&#xED;a Arguedas.</subfield>
  </datafield>
  <datafield tag="650" ind1=" " ind2=" ">
    <subfield code="a">Cultura andina</subfield>
    <subfield code="9">47570</subfield>
  </datafield>
  <datafield tag="650" ind1=" " ind2=" ">
    <subfield code="a">Folklore</subfield>
    <subfield code="9">47657</subfield>
  </datafield>
  <datafield tag="650" ind1=" " ind2=" ">
    <subfield code="a">Antropolog&#xED;a cusque&#xF1;a</subfield>
    <subfield code="9">45862</subfield>
  </datafield>
  <datafield tag="650" ind1=" " ind2=" ">
    <subfield code="a">Siglo XX</subfield>
    <subfield code="9">47561</subfield>
  </datafield>
  <datafield tag="700" ind1=" " ind2=" ">
    <subfield code="a">Gonzales Mires, C&#xE9;sar</subfield>
    <subfield code="9">1878</subfield>
  </datafield>
  <datafield tag="700" ind1=" " ind2=" ">
    <subfield code="a">Roca Wallparimachi, Demetrio</subfield>
    <subfield code="9">6182</subfield>
  </datafield>
  <datafield tag="700" ind1=" " ind2=" ">
    <subfield code="a">Canal Ccarhuarupay, Jos&#xE9;</subfield>
    <subfield code="9">8874</subfield>
  </datafield>
  <datafield tag="700" ind1=" " ind2=" ">
    <subfield code="a">Calvo Calvo, Rossano</subfield>
    <subfield code="9">44156</subfield>
  </datafield>
  <datafield tag="700" ind1=" " ind2=" ">
    <subfield code="a">Valencia Espinoza, Abraham</subfield>
    <subfield code="9">12606</subfield>
  </datafield>
  <datafield tag="700" ind1=" " ind2=" ">
    <subfield code="a">Rozas &#xC1;lvarez, Washington</subfield>
    <subfield code="9">47131</subfield>
  </datafield>
  <datafield tag="942" ind1=" " ind2=" ">
    <subfield code="2">ddc</subfield>
    <subfield code="c">PP</subfield>
  </datafield>
  <datafield tag="945" ind1=" " ind2=" ">
    <subfield code="a">rac</subfield>
  </datafield>
  <datafield tag="952" ind1=" " ind2=" ">
    <subfield code="0">0</subfield>
    <subfield code="2">ddc</subfield>
    <subfield code="4">0</subfield>
    <subfield code="7">0</subfield>
    <subfield code="a">HEM</subfield>
    <subfield code="b">HEM</subfield>
    <subfield code="c">CART</subfield>
    <subfield code="d">2022-03-25</subfield>
    <subfield code="g">5.00</subfield>
    <subfield code="o">Qollana/N&#xB0;4/1996</subfield>
    <subfield code="p">REVC000866</subfield>
    <subfield code="r">2022-03-25</subfield>
    <subfield code="y">PP</subfield>
  </datafield>
</record>
